000 01205 a2200205 4500
001 125429
020 _a8516031209
040 _cEscola Canadense de Niteroi
090 _aMAC - D2
100 _aMachado, Ana Maria
245 1 0 _aDia de Chuva
260 _aSão Paulo
300 _a32 p.
_bil.
_c6 x 22.4 x 0.6 cm (brochura)
362 0 _a2002
520 _a Esse livro é uma prova da fé que Ana Maria Machado sempre teve no poder da imaginação da criança. Observadora atenta do mundo infantil Ana sabe que as crianças desde muito cedo constroem mundos incríveis no faz-de-conta. Um dia de chuva pode deixar muita gente entediada. Mas não aqueles que têm passagem livre para o incrível mundo do faz-de-conta. As almofadas do sofá se transformam em elefantes camelos carroças e caravanas. A mesa da sala vira caverna os pés da cadeira são troncos de árvores a cama ou rede é um navio em alto-mar a vassoura é um cavalo o pano-de-prato é uma capa mágica. é apenas um exemplo de como os pequenos percorrem o mundo todo enquanto gente grande acha que não vão a lugar nenhum.
650 4 _aImaginação
650 4 _aLiteratura Infantil
650 4 _aBrincadeiras
942 _cBK
999 _c125429
_d125429